000 00650cam a22002052 4500
001 0000006003
005 20151217145828.0
008 070912s xx 000 0 eng d
020 _a0201627698 :
_cKES 1,950
040 _aKABU
_cKABU
100 1 _aPreece, Jenny.
_@0000157345
245 1 0 _aHuman-computer interaction /
_cJenny Preece and Yvonne Rogers ... [etal.]
260 _aHarlow, England :
_bAddison-Wesley,
_c1994.
300 _axxxviii, 775 p.
650 0 _aHuman-computer interaction.
_@0000148431
700 1 _aRogers, Yvonne.
_@0000157346
908 _a070912
950 _@1
999 _c3020
_d3020